[Event "XXII Festival A"]
[Site "Arco ITA"]
[Date "2000.10.27"]
[Round "7"]
[White "Genocchio, Daniele"]
[Black "Dittmar, Peter"]
[Result "0-1"]
[WhiteElo "2201"]
[BlackElo "2364"]
[PlyCount "74"]
[EventDate "2000.10.21"]

1. e4 e6 2. Qe2 Nc6 3. Nf3 e5 4. g3 Bc5 5. Bg2 d6 6. O-O Nge7 7. c3 O-O 8. Rd1
Bg4 9. h3 Bxf3 10. Bxf3 Kh8 11. b4 Bb6 12. b5 Nb8 13. d4 Nd7 14. Na3 a6 15. Nc4
exd4 16. Nxb6 Nxb6 17. e5 d5 18. Rxd4 axb5 19. Bg5 c6 20. Be4 h6 21. Qh5 Qe8
22. Bf6 Kg8 23. Bc2 Ng6 24. Rg4 Nd7 25. Bf5 Ra4 26. f4 Nxf6 27. exf6 Qe3+ 28.
Kh1 Qxc3 29. Rf1 Qxf6 30. Bxg6 fxg6 31. Rxg6 Qb2 32. Qg4 Rxa2 33. Rf2 Qxf2 34.
Qe6+ Kh7 35. Rxg7+ Kxg7 36. Qe7+ Rf7 37. Qe5+ Kh7 0-1

[Event "XXII Festival A"]
[Site "Arco ITA"]
[Date "2000.10.27"]
[Round "7"]
[White "Inkiov, Ventzislav V."]
[Black "Konopka, Michal"]
[Result "1-0"]
[WhiteElo "2419"]
[BlackElo "2476"]
[PlyCount "77"]
[EventDate "2000.10.21"]

1. d4 Nf6 2. c4 g6 3. Nc3 d5 4. Bf4 Bg7 5. e3 c5 6. dxc5 Qa5 7. Rc1 dxc4 8.
Bxc4 O-O 9. Nge2 Qxc5 10. Nb5 Be6 11. Qb3 Bxc4 12. Rxc4 Qf5 13. Ng3 Qd7 14. O-O
Nc6 15. Rd1 Qc8 16. Nd4 Rd8 17. Nxc6 Rxd1+ 18. Qxd1 bxc6 19. e4 Qe6 20. b3 a5
21. h4 Nd7 22. Qc2 c5 23. Be3 Rd8 24. Qd1 Qb6 25. Rc2 Bd4 26. Rd2 Ne5 27. Ne2
Nc6 28. Bg5 f6 29. Bf4 e5 30. Be3 Kf7 31. Qc1 Bxe3 32. fxe3 Nb4 33. a3 Nc6 34.
Qc4+ Kg7 35. Rxd8 Nxd8 36. Nc3 Ne6 37. Na4 Qd6 38. Qd5 Qa6 39. Kf2 1-0

[Event "XXII Festival A"]
[Site "Arco ITA"]
[Date "2000.10.27"]
[Round "7"]
[White "Jens, Jelmer"]
[Black "Crippa, Gabriele"]
[Result "1-0"]
[WhiteElo "2280"]
[BlackElo "2136"]
[PlyCount "61"]
[EventDate "2000.10.21"]

1. e4 e5 2. Nf3 Nc6 3. d4 exd4 4. Nxd4 Bc5 5. Nxc6 bxc6 6. Bd3 Nf6 7. e5 Qe7 8.
O-O Nd5 9. a3 a5 10. c4 Nb6 11. Nd2 d5 12. exd6 cxd6 13. Re1 Be6 14. Qh5 Nd7
15. Ne4 Nf6 16. Qf3 d5 17. cxd5 cxd5 18. Nxc5 Qxc5 19. Be3 Qd6 20. Bd4 Ke7 21.
Be5 Qb6 22. Bxf6+ gxf6 23. Qxd5 Rhd8 24. Qf5 Rd4 25. Qf3 Rad8 26. Bxh7 Qd6 27.
Bf5 Rf4 28. Qh3 Qd2 29. Bxe6 fxe6 30. Qxe6+ Kf8 31. Qe2 1-0

[Event "XXII Festival A"]
[Site "Arco ITA"]
[Date "2000.10.27"]
[Round "7"]
[White "Ketzscher, Roland"]
[Black "Coratella, Giuseppe"]
[Result "1-0"]
[WhiteElo "2214"]
[BlackElo "2077"]
[PlyCount "52"]
[EventDate "2000.10.21"]

1. d4 Nf6 2. c4 g6 3. Nc3 Bg7 4. e4 d6 5. Be2 O-O 6. Bg5 Nbd7 7. Qd2 e5 8. Nf3
c6 9. O-O Qc7 10. b4 exd4 11. Nxd4 Re8 12. f3 Qb6 13. Be3 Qxb4 14. Rab1 Qa5 15.
Nb3 Qc7 16. Rbd1 Bf8 17. Kh1 b6 18. Bf4 Ne5 19. Bg5 Nh5 20. f4 Ng4 21. f5 f6
22. Bxg4 fxg5 23. Bxh5 gxh5 24. Qxg5+ Qg7 25. f6 Qxg5 26. f7+ Kh8 1-0

[Event "XXII Festival A"]
[Site "Arco ITA"]
[Date "2000.10.27"]
[Round "7"]
[White "Kleibaumhueter, Klaus"]
[Black "Astengo, Marcello"]
[Result "1-0"]
[WhiteElo "2187"]
[BlackElo "2060"]
[PlyCount "49"]
[EventDate "2000.10.21"]

1. Nf3 d5 2. d4 Nf6 3. c4 e6 4. g3 c6 5. Qc2 Nbd7 6. Bg2 Bd6 7. O-O O-O 8. Bf4
Bxf4 9. gxf4 Re8 10. Nbd2 Nf8 11. e3 Bd7 12. Ne5 Rc8 13. Ndf3 Qb6 14. b4 Ne4
15. Nd2 Nxd2 16. Qxd2 f6 17. Nxd7 Nxd7 18. f5 dxc4 19. fxe6 Rxe6 20. Bh3 Rd6
21. a4 Qc7 22. Qc3 b5 23. axb5 cxb5 24. Ra5 Rd5 25. Be6+ 1-0

[Event "XXII Festival A"]
[Site "Arco ITA"]
[Date "2000.10.27"]
[Round "7"]
[White "Kloster, Josef"]
[Black "Roos, Michael"]
[Result "1/2-1/2"]
[WhiteElo "2135"]
[BlackElo "2244"]
[PlyCount "71"]
[EventDate "2000.10.21"]

1. e4 c5 2. Nc3 Nc6 3. f4 g6 4. Nf3 Bg7 5. d3 d6 6. g3 e6 7. Bg2 Nge7 8. O-O
O-O 9. Kh1 Rb8 10. a4 b6 11. Be3 d5 12. Bd2 a6 13. Rb1 f5 14. e5 b5 15. axb5
axb5 16. Ne2 b4 17. d4 c4 18. h3 Ba6 19. c3 Na5 20. Qa4 Nec6 21. cxb4 Bb5 22.
Qd1 Nb3 23. Bc3 Ba4 24. Qe1 Qb6 25. Ng5 Rfe8 26. Nxe6 Rxe6 27. Bxd5 Nd8 28. Kh2
Qb5 29. Bxe6+ Nxe6 30. g4 Qd5 31. gxf5 gxf5 32. Qf2 Kh8 33. Rg1 Bc6 34. Rbd1
Bh6 35. h4 Rd8 36. Rg3 1/2-1/2

[Event "XXII Festival A"]
[Site "Arco ITA"]
[Date "2000.10.27"]
[Round "7"]
[White "Krivoshey, Sergei"]
[Black "Bagaturov, Giorgi"]
[Result "1/2-1/2"]
[WhiteElo "2473"]
[BlackElo "2502"]
[PlyCount "108"]
[EventDate "2000.10.21"]

1. d4 Nf6 2. Nf3 e6 3. c4 b6 4. g3 Ba6 5. Nbd2 Bb7 6. Bg2 Be7 7. O-O O-O 8. Qc2
d5 9. cxd5 exd5 10. Ne5 c5 11. dxc5 bxc5 12. Ndc4 Na6 13. Qa4 Qe8 14. Qxe8
Raxe8 15. Bg5 Ba8 16. Ne3 Ne4 17. Bxe7 Rxe7 18. Nd3 d4 19. Nc4 Nf6 20. Bxa8
Rxa8 21. Rfe1 Nd5 22. a3 g6 23. Rac1 Nb6 24. Kf1 Re6 25. e4 dxe3 26. Rxe3 Rae8
27. Rxe6 Rxe6 28. Ne3 Nd7 29. Rc4 Nb6 30. Rc1 Nd7 31. Ke2 Rd6 32. Rc4 Nb6 33.
Rc1 Nd7 34. g4 Kg7 35. h3 h6 36. Rc4 Nb6 37. Rc2 Nd7 38. Rc4 Nb6 39. Rc1 Nd7
40. h4 Kf6 41. f3 Kg7 42. Rc4 Nb6 43. Rc2 Nd7 44. Nf2 Rb6 45. Ne4 Ne5 46. g5
Nc6 47. Kf2 Nd4 48. Rd2 Rb3 49. f4 hxg5 50. fxg5 Kf8 51. Nf6 Ke7 52. Nc4 Nc7
53. Ne4 Rf3+ 54. Kg2 Nce6 1/2-1/2

[Event "XXII Festival A"]
[Site "Arco ITA"]
[Date "2000.10.27"]
[Round "7"]
[White "Lettich, Sergio"]
[Black "Sprea, Giuseppe"]
[Result "1/2-1/2"]
[WhiteElo "2078"]
[BlackElo "1930"]
[PlyCount "141"]
[EventDate "2000.10.21"]

1. d4 d5 2. c4 c6 3. Nc3 Nf6 4. Nf3 a6 5. e3 Bg4 6. Qb3 Ra7 7. Be2 e6 8. O-O
Bd6 9. c5 Bc7 10. Qc2 Nbd7 11. h3 Bh5 12. b4 O-O 13. a4 Qe7 14. Bb2 b6 15. Nd2
Bxe2 16. Nxe2 bxc5 17. dxc5 e5 18. e4 dxe4 19. Nxe4 Nd5 20. Ba3 Rb8 21. Qc4 Qh4
22. Qd3 N7f6 23. Nxf6+ Qxf6 24. Rab1 Qg6 25. Qxg6 hxg6 26. Rb3 Rab7 27. Rfb1 f6
28. Nc3 Nxc3 29. Rxc3 Kf7 30. Kf1 Ba5 31. Rcb3 Ke6 32. Ke2 Bd8 33. Kd3 Kd5 34.
f3 f5 35. Kc3 Be7 36. Rd1+ Ke6 37. Kc4 Rh8 38. Rbd3 Rh4+ 39. Kc3 e4 40. fxe4
Rxe4 41. Rd6+ Bxd6 42. Rxd6+ Ke7 43. Rxg6 Rd7 44. Rxg7+ Ke8 45. Rxd7 Kxd7 46.
Bc1 Ke6 47. Bd2 Kd5 48. a5 Ke6 49. g3 Kd5 50. h4 Re2 51. Bf4 Rh2 52. Kd3 Rh1
53. Kc3 Ke4 54. Bd2 Rf1 55. Kc2 Kd4 56. h5 Kc4 57. h6 Rg1 58. Bf4 Kxb4 59. Kd3
Kxa5 60. Kd4 Rh1 61. Ke5 Rh5 62. Kf6 Kb5 63. Kg6 Rh1 64. h7 Kxc5 65. Be5 Rxh7
66. Kxh7 Kd5 67. Bf6 Ke4 68. Kg6 f4 69. gxf4 Kxf4 70. Be7 a5 71. Kf6 1/2-1/2

[Event "XXII Festival A"]
[Site "Arco ITA"]
[Date "2000.10.27"]
[Round "7"]
[White "Luciani, Carlo"]
[Black "Antoniacci, Riccardo"]
[Result "1-0"]
[WhiteElo "2225"]
[BlackElo "2065"]
[PlyCount "97"]
[EventDate "2000.10.21"]

1. e4 c5 2. Nf3 Nc6 3. d4 cxd4 4. Nxd4 g6 5. c4 Bg7 6. Be3 Nf6 7. Nc3 Ng4 8.
Qxg4 Nxd4 9. Qd1 Ne6 10. Rc1 Qa5 11. Qd2 b6 12. f3 Bb7 13. b3 g5 14. Nd5 Qxd2+
15. Kxd2 Rc8 16. Be2 h5 17. h4 f6 18. g3 Kf7 19. Rh2 Rcd8 20. Rch1 g4 21. fxg4
hxg4 22. b4 Rc8 23. a3 Nc7 24. Rf1 e6 25. Nxf6 Bxf6 26. e5 Rcg8 27. Rxf6+ Ke8
28. Rhf2 Be4 29. R6f4 Bf5 30. Rd4 a6 31. Rd6 b5 32. Bb6 Na8 33. Ba5 bxc4 34.
Bxc4 Be4 35. Bxa6 Rxh4 36. gxh4 g3 37. Rf1 g2 38. Rg1 Rg3 39. Bb5 Rxa3 40.
Rxe6+ Kf8 41. Rf6+ Ke7 42. Rf4 Bd5 43. Rd4 Ke6 44. Bxd7+ Kxe5 45. Rd3 Ra2+ 46.
Ke3 Be4 47. Rc3 Bg6 48. Bc6 Bh5 49. Rxg2 1-0

[Event "XXII Festival A"]
[Site "Arco ITA"]
[Date "2000.10.27"]
[Round "7"]
[White "Pegoraro, Nicola"]
[Black "Mietzner, Tina"]
[Result "0-1"]
[WhiteElo "2062"]
[BlackElo "2134"]
[PlyCount "63"]
[EventDate "2000.10.21"]

1. e4 c5 2. Nf3 d6 3. d4 cxd4 4. Nxd4 Nf6 5. Nc3 a6 6. Bg5 e6 7. f4 Qb6 8. Nb3
Be7 9. Qf3 Nbd7 10. O-O-O Qc7 11. Bd3 b5 12. Rhe1 Bb7 13. Kb1 b4 14. Ne2 a5 15.
Ned4 a4 16. Nb5 Qb6 17. Nd2 O-O 18. Qg3 Ba6 19. Nxd6 Bxd6 20. Bxf6 Nxf6 21. e5
Nh5 22. Qf3 b3 23. exd6 bxa2+ 24. Kxa2 Bxd3 25. Qxd3 Nxf4 26. Qa3 Nd5 27. Re4
Rfb8 28. Ka1 Nb4 29. Rc4 Qxd6 30. Qc3 Nd5 31. Qd3 Qb6 32. Qa3 0-1

[Event "XXII Festival A"]
[Site "Arco ITA"]
[Date "2000.10.27"]
[Round "7"]
[White "Pernigotti, Carlo"]
[Black "Carli, Carlo"]
[Result "1/2-1/2"]
[WhiteElo "2199"]
[BlackElo "2117"]
[PlyCount "49"]
[EventDate "2000.10.21"]

1. e4 e5 2. Nf3 Nc6 3. Bb5 d6 4. d4 Bd7 5. O-O exd4 6. Nxd4 Nf6 7. Nc3 Be7 8.
b3 O-O 9. Bb2 Nxd4 10. Qxd4 Bxb5 11. Nxb5 Ne8 12. Qc4 a6 13. Nc3 Bf6 14. a4 Qd7
15. Qd3 Rd8 16. Rfe1 Qe6 17. Rad1 Be5 18. Qe3 c5 19. Qc1 Nc7 20. Nd5 Rd7 21.
Bxe5 Qxe5 22. Nxc7 Rxc7 23. Rd5 Qe6 24. Qf4 Rd7 25. Red1 1/2-1/2

[Event "XXII Festival A"]
[Site "Arco ITA"]
[Date "2000.10.27"]
[Round "7"]
[White "Pienabarca, Nicola"]
[Black "Scharrer, Patrick"]
[Result "0-1"]
[WhiteElo "2030"]
[BlackElo "1825"]
[PlyCount "144"]
[EventDate "2000.10.21"]

1. d4 Nf6 2. c4 g6 3. Nc3 Bg7 4. e4 d6 5. Nge2 O-O 6. Ng3 e5 7. d5 Nbd7 8. Be2
Nc5 9. b4 Ncd7 10. Be3 Ne8 11. h4 Ndf6 12. h5 a5 13. b5 Qe7 14. Qd2 Ng4 15.
hxg6 fxg6 16. Bg5 Bf6 17. Bxf6 Qxf6 18. Bxg4 Bxg4 19. f3 Bd7 20. Nce2 Qg7 21.
O-O-O Nf6 22. Rh6 Rf7 23. Rdh1 Qf8 24. Qg5 Rg7 25. Ng1 Qe7 26. Qe3 Rf8 27. Nh3
Bxh3 28. R1xh3 Rff7 29. Kd1 Rf8 30. Ke2 Rff7 31. Kd3 Rf8 32. Rh1 Rff7 33. Kc2
Rf8 34. Rf1 Qd7 35. Rh4 Qe7 36. Rhh1 Rgf7 37. Qd2 Qe8 38. Kb3 Qe7 39. Kb2 Qd7
40. Kc2 Qe7 41. Kd3 Qd8 42. Qh6 Qe7 43. Rh3 Ng4 44. Qc1 Nf6 45. Rfh1 Rg7 46.
Rh4 Rgf7 47. R4h2 Rg7 48. Re1 Rgf7 49. Rhh1 Rg7 50. Rhf1 Rgf7 51. Qd2 Qd8 52.
Kc2 Kh8 53. Kb1 Kg8 54. Kc1 Kh8 55. Qe3 Kg8 56. Qg5 Nd7 57. Qg4 Nc5 58. Kc2 Rf4
59. Qh3 Rh4 60. Rh1 Rxh3 61. Rxh3 Qg5 62. Re2 Rf4 63. Nh1 Rh4 64. Nf2 Rxh3 65.
Nxh3 Qh6 66. Nf2 a4 67. Rd2 Qe3 68. Ng4 Qa3 69. Kd1 Nd3 70. Nf6+ Kf7 71. Nxh7
Qc1+ 72. Ke2 Nf4+ 0-1

[Event "XXII Festival A"]
[Site "Arco ITA"]
[Date "2000.10.27"]
[Round "7"]
[White "Rotstein, Arkadij"]
[Black "Ragonese, Lucio Rosario"]
[Result "1-0"]
[WhiteElo "2492"]
[BlackElo "1956"]
[PlyCount "105"]
[EventDate "2000.10.21"]

1. d4 f5 2. Nc3 Nf6 3. Bg5 e6 4. e4 fxe4 5. Nxe4 Be7 6. Bxf6 Bxf6 7. Qh5+ g6 8.
Qh6 Qe7 9. Nxf6+ Qxf6 10. Nf3 Nc6 11. O-O-O Ne7 12. Bd3 d6 13. Rhe1 Bd7 14. Qg5
Kf7 15. Qh6 Nf5 16. Bxf5 gxf5 17. Ng5+ Ke7 18. Qh5 Qg6 19. Qh4 Qf6 20. Qf4 Rae8
21. Nxe6 Bxe6 22. d5 Kd8 23. dxe6 Rxe6 24. Rxe6 Qxe6 25. Qd4 Rg8 26. g3 b6 27.
b3 Qh6+ 28. Kb1 Rf8 29. Qd5 a5 30. Re1 Qf6 31. f4 Kd7 32. a4 Qf7 33. Qb5+ Kd8
34. Re3 Qf6 35. Qc6 Qf7 36. Rc3 Qd7 37. Qa8+ Qc8 38. Qd5 Qd7 39. Re3 Qf7 40.
Qb7 Re8 41. Rc3 Qd7 42. Ka2 Qc8 43. Qf3 Qe6 44. Rc4 Qd7 45. h3 Rg8 46. Rc3 Qe6
47. Qa8+ Qc8 48. Qd5 Rf8 49. g4 fxg4 50. Qg5+ Kd7 51. Qxg4+ Kd8 52. Qg5+ Ke8
53. Qg7 1-0

[Event "XXII Festival A"]
[Site "Arco ITA"]
[Date "2000.10.27"]
[Round "7"]
[White "Schlichthaar, Robert"]
[Black "Zucchelli, Massimo"]
[Result "1/2-1/2"]
[WhiteElo "2198"]
[BlackElo "2190"]
[PlyCount "79"]
[EventDate "2000.10.21"]

1. e4 e6 2. d3 d5 3. Qe2 dxe4 4. dxe4 Nc6 5. Nf3 e5 6. c3 Nf6 7. Bg5 h6 8. Bh4
g5 9. Bg3 Bd6 10. Qc2 Qe7 11. Nbd2 O-O 12. Nc4 Bg4 13. h4 Nh5 14. Ne3 Nxg3 15.
fxg3 Be6 16. g4 f6 17. hxg5 hxg5 18. Nf5 Bxf5 19. gxf5 Kg7 20. O-O-O Rh8 21.
Bb5 Rxh1 22. Rxh1 Nd8 23. g4 Nf7 24. Bc4 Rh8 25. Rf1 Kf8 26. Qb3 Nd8 27. Qd1
Rh3 28. Rf2 Qh7 29. Qe2 Ke7 30. Kc2 Bc5 31. Rh2 Rxh2 32. Qxh2 Qxh2+ 33. Nxh2 c6
34. Nf1 b5 35. Bd3 Nf7 36. Nd2 Kd6 37. Kb3 a6 38. a4 Be3 39. Nb1 Bc5 40. Nd2
1/2-1/2

[Event "XXII Festival A"]
[Site "Arco ITA"]
[Date "2000.10.27"]
[Round "7"]
[White "Slobodjan, Roman"]
[Black "Rigo, Janos"]
[Result "1-0"]
[WhiteElo "2541"]
[BlackElo "2309"]
[PlyCount "51"]
[EventDate "2000.10.21"]

1. d4 d5 2. c4 c6 3. Nf3 Nf6 4. e3 e6 5. Nbd2 Bd6 6. Bd3 Nbd7 7. O-O O-O 8. e4
e5 9. cxd5 cxd5 10. exd5 exd4 11. Ne4 Qb6 12. Nxd6 Qxd6 13. Nxd4 Ne5 14. Nf5
Bxf5 15. Bxf5 g6 16. Bc2 Rfd8 17. Bf4 Nxd5 18. Bg3 Qf6 19. Qe2 Nc6 20. Qe4 Ndb4
21. Bh4 Qxb2 22. Bxd8 Nxc2 23. Bf6 Qxf6 24. Qxc2 Rb8 25. Rad1 b5 26. Qc5 1-0

[Event "XXII Festival A"]
[Site "Arco ITA"]
[Date "2000.10.27"]
[Round "7"]
[White "Sturma, Mauro"]
[Black "Schiappacasse, Marcello"]
[Result "1/2-1/2"]
[WhiteElo "1987"]
[BlackElo "2021"]
[PlyCount "39"]
[EventDate "2000.10.21"]

1. e4 c5 2. Nf3 d6 3. d4 cxd4 4. Nxd4 Nf6 5. Nc3 g6 6. f3 Bg7 7. Be3 O-O 8. Bc4
Nc6 9. Bb3 Qa5 10. Qd2 Bd7 11. O-O-O Rfc8 12. Kb1 Ne5 13. Nde2 Nc4 14. Bxc4
Rxc4 15. Nd5 Qxd2 16. Nxf6+ Bxf6 17. Rxd2 b6 18. b3 Rc7 19. Bd4 Bxd4 20. Rxd4
1/2-1/2

[Event "XXII Festival A"]
[Site "Arco ITA"]
[Date "2000.10.27"]
[Round "7"]
[White "Valenti, Giuseppe"]
[Black "Piankov, Evgenij"]
[Result "1/2-1/2"]
[WhiteElo "2190"]
[BlackElo "2365"]
[PlyCount "162"]
[EventDate "2000.10.21"]

1. e4 c6 2. d4 d5 3. Nc3 dxe4 4. Nxe4 Nd7 5. Bc4 Ndf6 6. Nxf6+ Nxf6 7. Nf3 Bf5
8. Qe2 e6 9. Bf4 Be7 10. O-O O-O 11. Rfe1 Nd5 12. Bg3 Bg4 13. c3 Bd6 14. Bxd6
Qxd6 15. Qe5 Rfd8 16. Qxd6 Rxd6 17. Ne5 Bf5 18. Bd3 Bxd3 19. Nxd3 Rad8 20. g3
b6 21. a4 Ne7 22. Ne5 Rd5 23. Nc4 Ng6 24. f4 h5 25. a5 b5 26. Ne3 R5d7 27. Nc2
Ne7 28. Nb4 Rc8 29. Nd3 Nf5 30. Re2 g6 31. Kf2 Kg7 32. Rae1 Ne7 33. Nc5 Rdd8
34. Nb7 Rh8 35. Nd6 Rcd8 36. Ne4 b4 37. Ra1 bxc3 38. bxc3 Rb8 39. Raa2 Rb5 40.
Nc5 Rhb8 41. Nd7 Rd8 42. Nc5 Nf5 43. a6 Rdb8 44. Nd7 Rc8 45. Re5 Rb3 46. Rc2
Ra3 47. Nc5 Rb8 48. Re1 Ne7 49. Rd1 Nd5 50. Rdc1 Nc7 51. Nd3 Nxa6 52. Ne5 c5
53. Rd1 cxd4 54. cxd4 Rb7 55. Nc4 Ra4 56. Nd6 Rd7 57. Nb5 Nb4 58. Rb2 Nd5 59.
Rb3 Ra2+ 60. Kf3 Rb7 61. Rdb1 Rxh2 62. Nd6 Rb6 63. Rxb6 axb6 64. Ra1 Rd2 65.
Ra7 Rd3+ 66. Kf2 Rxd4 67. Nxf7 Kf6 68. Ne5 Kf5 69. Nf3 Rb4 70. Rf7+ Kg4 71.
Ne5+ Kh3 72. Nxg6 Rb2+ 73. Kf3 Rb3+ 74. Ke4 Rxg3 75. Nf8 Re3+ 76. Kd4 Re1 77.
f5 Rd1+ 78. Ke5 exf5 79. Rxf5 h4 80. Ng6 Kg4 81. Rf8 h3 1/2-1/2

[Event "XXII Festival A"]
[Site "Arco ITA"]
[Date "2000.10.27"]
[Round "7"]
[White "Wagman, Stuart"]
[Black "Denes, Roberto"]
[Result "1-0"]
[WhiteElo "2190"]
[BlackElo "1498"]
[PlyCount "45"]
[EventDate "2000.10.21"]

1. e4 Nc6 2. Nf3 e5 3. Bb5 Nge7 4. O-O d6 5. d4 exd4 6. Nxd4 Bd7 7. Nc3 g6 8.
Be3 Bg7 9. Qd2 O-O 10. Be2 f5 11. Bc4+ Kh8 12. Ne6 Bxe6 13. Bxe6 Bxc3 14. Qxc3+
Ne5 15. f4 N7c6 16. fxe5 Nxe5 17. exf5 gxf5 18. Bd4 Qf6 19. Bxe5 Qxe5 20. Qxe5+
dxe5 21. Bxf5 Rad8 22. Be4 b6 23. Rxf8+ 1-0

[Event "XXII Festival A"]
[Site "Arco ITA"]
[Date "2000.10.28"]
[Round "8"]
[White "Astengo, Marcello"]
[Black "Dalponte, Dino"]
[Result "0-1"]
[WhiteElo "2060"]
[BlackElo "2142"]
[PlyCount "48"]
[EventDate "2000.10.21"]

1. d4 d5 2. Nf3 c6 3. Bf4 Nf6 4. e3 Bg4 5. Bd3 e6 6. Nbd2 Nbd7 7. c3 Nh5 8. Qc2
Bxf3 9. Nxf3 Nxf4 10. exf4 g6 11. h4 Nf6 12. O-O-O Qc7 13. Ne5 Bd6 14. Rde1
O-O-O 15. f3 Nh5 16. Qd2 f6 17. Ng4 Bxf4 18. Ne3 Ng3 19. Rhg1 e5 20. Kb1 e4 21.
fxe4 dxe4 22. Bc4 f5 23. Be6+ Kb8 24. c4 Rhe8 0-1

[Event "XXII Festival A"]
[Site "Arco ITA"]
[Date "2000.10.28"]
[Round "8"]
[White "Barucco, Mattia"]
[Black "Pernigotti, Carlo"]
[Result "0-1"]
[WhiteElo "1912"]
[BlackElo "2199"]
[PlyCount "130"]
[EventDate "2000.10.21"]

1. e4 c5 2. Nf3 e6 3. d3 Nc6 4. g3 d5 5. Nbd2 Bd6 6. Bg2 Nge7 7. O-O O-O 8. Re1
Qc7 9. Nh4 Bd7 10. f4 f6 11. Nf1 d4 12. Qe2 b5 13. Nf3 e5 14. f5 Be8 15. g4 c4
16. g5 cxd3 17. cxd3 Nb4 18. gxf6 Rxf6 19. Bg5 Qc2 20. Bxf6 gxf6 21. Rad1 Qxe2
22. Rxe2 Nxa2 23. Ng3 Bf7 24. Bf1 Nc6 25. Rg2 Kf8 26. Be2 a5 27. Kh1 a4 28.
Rdg1 Ke8 29. Nd2 a3 30. bxa3 Rxa3 31. Nh5 Be7 32. Ng7+ Kd7 33. Rg3 Nc3 34. Bh5
Bxh5 35. Nxh5 Ne2 36. Rg7 Nxg1 37. Nxf6+ Kc8 38. Nd5 Nh3 39. Nxe7+ Nxe7 40.
Rxe7 Rxd3 41. Nf1 Nf2+ 42. Kg2 Nxe4 43. Rxe5 Nd6 44. f6 b4 45. Re7 b3 46. Re2
Rc3 47. Nd2 Rc2 48. Kf3 b2 49. Nb1 Rxe2 50. Kxe2 Kd7 51. Kd3 Nb5 52. Kc2 Nc3
53. Nd2 b1=Q+ 54. Nxb1 Nxb1 55. f7 Ke7 56. f8=Q+ Kxf8 57. Kd3 Kf7 58. Kxd4 Kf6
59. Ke4 Kg5 60. Kf3 Nd2+ 61. Kg3 Ne4+ 62. Kh3 h5 63. Kg2 Kg4 64. Kg1 Kh3 65.
Kh1 Nf2+ 0-1

[Event "XXII Festival A"]
[Site "Arco ITA"]
[Date "2000.10.28"]
[Round "8"]
[White "Casagrande, Fabio"]
[Black "Lettich, Sergio"]
[Result "0-1"]
[WhiteElo "1911"]
[BlackElo "2078"]
[PlyCount "142"]
[EventDate "2000.10.21"]

1. e4 c5 2. c3 d5 3. exd5 Qxd5 4. d4 Nf6 5. Nf3 e6 6. Be2 Be7 7. O-O Nc6 8. Na3
a6 9. Nc2 O-O 10. Ne3 Qd8 11. Ne5 cxd4 12. Nxc6 bxc6 13. cxd4 Nd5 14. Bf3 a5
15. Qa4 Ba6 16. Rd1 Bb5 17. Qc2 a4 18. a3 Qb6 19. Nc4 Qa7 20. Ne5 Rac8 21. Be4
h6 22. Bh7+ Kh8 23. Bd3 Bxd3 24. Rxd3 c5 25. Rh3 cxd4 26. Nxf7+ Kg8 27. Nxh6+
Kh8 28. Ng4+ Kg8 29. Qh7+ Kf7 30. Rf3+ Ke8 31. Qg6+ Kd7 32. Ne5+ Kd6 33. Qg3
Rxf3 34. Nxf3+ Kd7 35. Ne5+ Kd6 36. Nd3+ Kd7 37. Bg5 Ke8 38. Re1 Bxg5 39. Qxg5
Qe7 40. Qg6+ Kd7 41. Ne5+ Kd6 42. Qg3 Qf6 43. Ng4+ Qf4 44. Kf1 Qxg3 45. hxg3
Nf6 46. Nxf6 gxf6 47. Rd1 e5 48. Ke2 Kd5 49. g4 e4 50. f3 e3 51. Kd3 Rb8 52.
Rb1 Rb3+ 53. Ke2 Ke5 54. g3 Kd5 55. f4 Ke4 56. g5 d3+ 57. Ke1 fxg5 58. fxg5 Kf5
59. Kf1 Kxg5 60. Re1 d2 61. Rb1 Kg4 62. Ke2 Kxg3 63. Rg1+ Kh2 64. Rd1 Kg2 65.
Rb1 Kg3 66. Rg1+ Kf4 67. Rb1 Ke4 68. Rh1 Rxb2 69. Rh4+ Kd5 70. Rxa4 Rb1 71.
Ra5+ Kc4 0-1

[Event "XXII Festival A"]
[Site "Arco ITA"]
[Date "2000.10.28"]
[Round "8"]
[White "Coratella, Giuseppe"]
[Black "Crippa, Gabriele"]
[Result "1-0"]
[WhiteElo "2077"]
[BlackElo "2136"]
[PlyCount "37"]
[EventDate "2000.10.21"]

1. e4 e5 2. Nf3 Nc6 3. d4 exd4 4. Nxd4 Bc5 5. Nb3 Bb4+ 6. Nc3 Nf6 7. Bd3 d5 8.
exd5 Nxd5 9. O-O Nxc3 10. bxc3 Bxc3 11. Ba3 Nb4 12. Re1+ Be6 13. Qg4 Qe7 14.
Bf5 O-O-O 15. Bxe6+ fxe6 16. Rxe6 h5 17. Qh3 Qd7 18. Nc5 Qd1+ 19. Re1+ 1-0

[Event "XXII Festival A"]
[Site "Arco ITA"]
[Date "2000.10.28"]
[Round "8"]
[White "Denes, Roberto"]
[Black "Di Lazzaro, Gabriele"]
[Result "0-1"]
[WhiteElo "1498"]
[BlackElo "1959"]
[PlyCount "62"]
[EventDate "2000.10.21"]

1. d4 Nf6 2. c4 e6 3. Nc3 Bb4 4. Bg5 h6 5. Bxf6 Qxf6 6. e3 O-O 7. Qf3 Qe7 8.
Bd3 Nc6 9. Nge2 Rb8 10. O-O Bxc3 11. Nxc3 Nb4 12. e4 Nxd3 13. Qxd3 c6 14. f4 b5
15. c5 a5 16. e5 Ra8 17. Qg3 f5 18. a3 b4 19. axb4 Ba6 20. Rfc1 axb4 21. Na4
Bb5 22. Nb6 Rxa1 23. Rxa1 Kh7 24. Ra7 Rd8 25. Qb3 Qh4 26. g3 Qg4 27. Nxd7 Qe2
28. Nf6+ Kh8 29. h4 Qf1+ 30. Kh2 Qf2+ 31. Kh1 Bf1 0-1

[Event "XXII Festival A"]
[Site "Arco ITA"]
[Date "2000.10.28"]
[Round "8"]
[White "Di Lao, Riccardo"]
[Black "Molzahn, Norbert"]
[Result "0-1"]
[WhiteElo "2138"]
[BlackElo "2064"]
[PlyCount "74"]
[EventDate "2000.10.21"]

1. d4 Nf6 2. c4 d6 3. Nc3 Nbd7 4. Bg5 h6 5. Bh4 g5 6. Bg3 Nh5 7. e4 Nxg3 8.
hxg3 Bg7 9. f4 e5 10. dxe5 dxe5 11. Qd2 exf4 12. gxf4 gxf4 13. O-O-O c6 14. e5
O-O 15. Nf3 Qc7 16. g3 fxg3 17. Bd3 Nxe5 18. Nxe5 Qxe5 19. Ne4 Bf5 20. Rh5 Rad8
21. Rxf5 Qxf5 22. Qg2 Qf4+ 23. Kc2 f5 24. Nxg3 Qd4 25. Kb1 Kh8 26. a3 Qg4 27.
Rd2 Be5 28. Qh1 Bf4 29. Nxf5 Rxf5 30. Qe4 Rf7 31. Ka2 Qd7 32. Rd1 Qd4 33. Qe6
Qf6 34. Qh3 Rfd7 35. Qf3 Rxd3 36. Rxd3 Rxd3 37. Qxd3 Bc1 0-1

[Event "XXII Festival A"]
[Site "Arco ITA"]
[Date "2000.10.28"]
[Round "8"]
[White "Diotallevi, Maurizio"]
[Black "Dickhoff, Ronald"]
[Result "0-1"]
[WhiteElo "2090"]
[BlackElo "2273"]
[PlyCount "78"]
[EventDate "2000.10.21"]

1. e4 e6 2. d4 d5 3. Nd2 Nf6 4. e5 Nfd7 5. Bd3 c5 6. c3 Nc6 7. Ndf3 cxd4 8.
cxd4 f6 9. exf6 Nxf6 10. Ne2 Bd6 11. Nc3 O-O 12. O-O a6 13. Bg5 Qc7 14. Bh4 Nh5
15. Bg3 Nxg3 16. hxg3 g6 17. Rc1 Qg7 18. Bb1 Bd7 19. Qd2 h6 20. Ne2 g5 21. Qd3
Rf6 22. Rcd1 Raf8 23. Qe3 R6f7 24. Qd3 g4 25. Nh4 Ne7 26. Ng6 Bb5 27. Nxe7+
Bxe7 28. Qd2 Bg5 29. Qe1 Be3 30. Bd3 Rxf2 31. Rxf2 Bxf2+ 32. Qxf2 Rxf2 33. Kxf2
Bc6 34. Bb1 Qf6+ 35. Ke3 e5 36. dxe5 Qxe5+ 37. Kf2 Qxb2 38. Ke1 Bb5 39. Nf4 Ba4
0-1

[Event "XXII Festival A"]
[Site "Arco ITA"]
[Date "2000.10.28"]
[Round "8"]
[White "Drasko, Milan"]
[Black "Krivoshey, Sergei"]
[Result "1/2-1/2"]
[WhiteElo "2495"]
[BlackElo "2473"]
[PlyCount "68"]
[EventDate "2000.10.21"]

1. d4 Nf6 2. c4 c5 3. d5 b5 4. cxb5 a6 5. bxa6 g6 6. Nc3 Bxa6 7. g3 d6 8. Bg2
Bg7 9. Nf3 Nbd7 10. Rb1 Nb6 11. b3 Bb7 12. Nh4 O-O 13. O-O Qc8 14. e4 Ba6 15.
Re1 Nfd7 16. Qc2 Ne5 17. Rd1 Nbd7 18. Bh3 c4 19. b4 Nd3 20. Be3 f5 21. exf5 Nf6
22. Ng2 gxf5 23. Nf4 Ng4 24. Bxg4 fxg4 25. Ne6 Ne5 26. Nxg7 Nf3+ 27. Kh1 Kxg7
28. Qe4 Rf7 29. h3 Bb7 30. Qxg4+ Qxg4 31. hxg4 Ra3 32. Rbc1 Kg6 33. Kg2 Ne5 34.
f4 Nxg4 1/2-1/2

[Event "XXII Festival A"]
[Site "Arco ITA"]
[Date "2000.10.28"]
[Round "8"]
[White "Gofshtein, Leonid D."]
[Black "Dittmar, Peter"]
[Result "1-0"]
[WhiteElo "2561"]
[BlackElo "2364"]
[PlyCount "97"]
[EventDate "2000.10.21"]

1. d4 d5 2. c4 e6 3. Nf3 c5 4. cxd5 exd5 5. g3 Nc6 6. Bg2 Nf6 7. Nc3 Be7 8. O-O
O-O 9. Bg5 c4 10. Ne5 Be6 11. Nxc6 bxc6 12. b3 Qa5 13. Qc2 Rfd8 14. Rfd1 c5 15.
bxc4 cxd4 16. Nxd5 Nxd5 17. cxd5 Rac8 18. Qe4 Bxg5 19. dxe6 f5 20. Qb7 Rc7 21.
Qb3 Re7 22. Rab1 g6 23. Bc6 Bf6 24. Bd7 Kg7 25. Qc4 Qe5 26. Rb7 f4 27. Rxa7
fxg3 28. hxg3 Rb8 29. Qc2 Bg5 30. Kg2 Rf8 31. Ra3 Bf6 32. Rb3 h5 33. Rb5 Qd6
34. Qc5 Qa6 35. Qd5 Qa3 36. Rd3 Qc1 37. Rf3 Qc2 38. Qc5 Qxc5 39. Rxc5 Rb8 40.
Rb3 Ra8 41. a4 Ra7 42. a5 g5 43. Rbb5 Kg6 44. Rc6 h4 45. a6 hxg3 46. fxg3 Rh7
47. Be8+ Kh6 48. Bf7 Rh8 49. Rb7 1-0